Регионална библиотека "Любен Каравелов" - Русе

Първа читанка (след букварът) от П. Р. Славейкова (Запис номер 157477)

MARC детайли
000 -Лидер
Контролно поле с фиксирана дължина 01527nam a2200349 c 4500
003 - Код на организацията, давaща контролен номер
Контролно поле BLK
005 - Дата и час на последна редакция
Контролно поле 20240731005407.0
008 - Елементи от данни с фиксирана дължина
fixed length control field 180410b bul|||||r ||||||| ||bul||
010 ## - Наследен системен номер
LC control number KNG00164421000
040 ## - Източник на каталожния запис
Идентификатор на билиотеката - собственик на записа BLK
041 ## - Код за език
Код за езика на текст/звукозапис или на отделно заглавие Български
Код за езика КДБФ Български
072 #7 - Код за тематичната категория
Код организация bullib
Код за тематична категория С
Текст Старопечатен фонд
080 ## - УДК
Текстов определител УДК Основно образование
УДК код - определител по УДК 372.4
УДК определител (075)
УДК - код + определител 372.4(075)
100 1# - Редна дума - Автор
Автор Славейков, Петко Рачов
Дати, свързани с автора 1827-1895
Автор - информация (биография) Виден възрожд. деец, участник в борбата за църк. освобожд., просветител, писател, поет, публицист, фолклорист, политик
Авторска отговорност първи автор
R(LIN) 121105
139 ## - Редно поле
Редна дума Славейков, Петко Рачов
Авторски знак Славе - С 42
245 10 - Сведения за заглавието
Заглавие Първа читанка (след букварът) от П. Р. Славейкова
Редно поле (дума) Петко Рачов Славейков.
257 ## - Страна на издаване
Страна на създаване/издаване България
260 ## - Област на издателските данни
-- Цариград
Година на издаване 1868
Печатница Цариград : В печатницата на в. "Македония"
300 ## - Физическа характеристика
Страници 80, 16 с.
Размери/Мащаб 15 см
380 ## - Жанр
Жанр Обществени науки
650 #4 - Допълнително описание по предмет – тема
Основно описание – тема или топоним Основно образование - България
9 (RLIN) 272381
651 #4 - Допълнително описание по предмет - топоним
Географско понятие България
9 (RLIN) 241624
653 ## - Ключова дума – ненормативна
Ключова дума основно образование
653 ## - Ключова дума – ненормативна
Ключова дума читанки
659 ## - Тематичен бюлетин
Тематичен бюлетин С
852 ## - Местоположение
Форматна сигнатура Цб Ст 6967 * 1039
856 4# - Електронен адрес и достъп
Електронен формат pdf - файл
Път до файла /url/
856 4# - Електронен адрес и достъп
Електронен формат pdf - файл
Път до файла /url/
942 ## - АРТИКУЛИ
Вид на библиотечния материал Книги
Скрит в OPAC Не
Koha issues (borrowed), all copies 1
944 ## - СЪЗДАВАНЕ И РЕДАКЦИЯ на ЗАПИСА
Създаване/Редакция Създаване
Дата на регистрацията/редакция 27.08.2014
Служител, извършил регистрацията/редакцията
Статус, дата на статуса CRON CRON
944 ## - СЪЗДАВАНЕ И РЕДАКЦИЯ на ЗАПИСА
Създаване/Редакция Редакция
Дата на регистрацията/редакция 27.08.2014
Служител, извършил регистрацията/редакцията
999 ## - СИСТЕМНИ КОНТРОЛНИ НОМЕРА
Koha biblionumber 157477
Koha biblioitemnumber 157477
Наличности
Код за отписване Код за изгубен артикул Източник на класификационната схема Код за повреда Коз за рестрикции Код за отдаване Артикулен № Име на библиотеката - собственик Име на библиотеката, в която се намира в момента Статус (Текущо местоположение) Дата на вписване в системата Местоположение - отдел Цена в лева Инвентарен номер Систематично азбучна сигнатура Баркод Номер на екземпляра Цена в евро Служебна бележка Служебен тип на артикула
  Не е изгубен Universal Decimal Classification Не е повреден само за читалня Специални фондове ( старопечатни, редки и ценни, фонд М. Арнаудов) 263802 Регионална библиотека "Любен Каравелов" Русе Регионална библиотека "Любен Каравелов" Русе Старопечатен фонд 1868-01-01 Старопечатен фонд 0.00 433-ст Цб Ст 6967 * 1039 900000000689 1 0.00 Дост: DA Вид: Сф Дата: 01.01.1868 Дата инв: 02.04.2018 Бележки инв: СТ2018 Книги
Vip Innovations Ltd, Rousse, Bulgaria 2025